00378nam a2200157Ia 4500001000500000005001700005008004100022041000800063082001800071100003800089245004000127260000900167300002800176650000800204654000800212980920260306161745.0260306t2008||||xx |||||||||||||| ||spa|| aESP a465bA69 2008 aArenas Martín-Abril, PaulaeAUT 0aGramática de la lengua española c2008 a247 páginas :c19 cm. aGEN aCHU